Bfdi quiz - Statistics

General Stats
  • This quiz has been taken 71 times
  • The average score is 8 of 15
Answer Stats
Question Answer % Correct
Which character is real Income tax return document
80%
Who was never a host? Barf bag
75%
Which "X Finds Out His Value" character eats people 14
71%
Who tastes like peanut butter according to Firey Nonexisty
61%
Who has never been eliminated as of tpot 18 and bfdia 20? Winner
61%
Which character forgot how to talk Rocky
59%
Who got 10th place in Bfdi Tennis ball
59%
Which character has relatives in the show All of the above
49%
Who's birthday is March 14th Pie
47%
Which contestant is the tallest Spongy
46%
Which character won a season Pencil
44%
Which character is left handed Pie
41%
Finally, how much times did Puffball say "Yeah, who? I wanna know!" 15
29%
Which Character canonically vomited Ruby
29%
Pick with order the first elimination was in ALL of the seasons Eraser, Flower, Donut, Pencil, Pie
19%
No matching quizzes found
Score Distribution
Percent of People with Each Score
Percentile by Number Answered
Your Score History
You have not taken this quiz